000 00755nam a2200253Ia 4500
003 OSt
005 20220926022810.0
006 a|||||r|||| 00| 0
007 ta
008 220923b |||||||| |||| 00| 0 eng d
020 _a0442270100
037 _cGeneral Book
040 _aRTL
_cRTL
_beng
041 _2eng
_aeng
082 _aX:3L.73.N7, L7
100 _aSpeiser Stuart M
_9328283
245 0 _aPiece of the action
_b A Plan to provide every fami
260 _aNew York
_bVan Nostrend reinhold
_c1977
300 _ax,390p
_ccm.
500 _aBibliography p377-80; Appendix p349-72; Glossary p373-75
650 _aWages
_9229845
942 _hX:3L.73.N7, L7
_cGB
_2CC
999 _c640293
_d640293